000 00498nam a2200181 4500
020 _a9789395733762
082 _aM103 2(ITr.)
_bBHA/K
100 _aBharavi
245 _aKiratarjuniyam/
_cby Bharavi
260 _aKottayam:
_bSahitya Pravarthaka Co-operative Society,
_c2023.
300 _a375p.
650 _aTranslation Sanskrit Epic Poetry
650 _aEpic Poetry Malayalam
650 _aLiterature Malayalam
650 _aLiterature
700 _aKesavan Veluthat (tr.)
942 _cBK
999 _c181969
_d181969